The Stanley Parable: Ultra Deluxe Endings - Statistics

General Stats
  • This quiz has been taken 112 times
  • The average score is 29 of 42
Answer Stats
Hints Answer % Correct
Follow the Narrator's instructions but defy him at the end Countdown
96%
Follow the Narrator's instructions Freedom
94%
Follow the Narrator's instructions with the bucket Freedom (Bucket)
94%
Follow the Narrator's instructions but step away from the boss' office at the last minute Escape Pod
89%
Follow the Narrator's instructions but step away from the boss' office at the last minute with the bucket - has a small change to another big ending Escape Pod (Bucket)
89%
INPUT RECEIVED Heaven
89%
A physical malady of some sort shut down your central nervous system, and you collapsed on the keyboard Broom Closet
83%
Defy the Narrator but start following his orders at the last minute, but upset him into a depression Zending
83%
Defy the Narrator but detour through the maintenance section but then take another detour again Confusion
81%
Defy the Narrator but detour so far you break the map and refuse to play his game Games
81%
<- ESCAPE Museum
81%
<- ESCAPE (with the bucket) Museum (Bucket)
81%
Follow the Narrator's instructions but go down the stairs Mariella
79%
Follow the Narrator's instructions but go down the stairs with the bucket Mariella (Bucket)
79%
Defy the Narrator but take a step back a little too soon Cold Feet
77%
Defy the Narrator but take a step back a little too soon Cold Feet (Bucket)
77%
Wow, the Stanley Parable 2013 was REALLY good right?! Like, Ultra Deluxe is just soooo inferior! The Skip Button
77%
Defy the Narrator but detour so far you break the map yet play his game for 4 hours Art
74%
The outside world is too much for you Coward
72%
Follow the Narrator's instructions but defy him at the end with the bucket Silly Birds
72%
Random chance of appearing in a completely different variation of the starting room of the office and isn't even a proper ending but the game says it's one so hey-ho it's in here Whiteboard
72%
Defy the Narrator but go up the cargo lift Apartment
70%
Defy the Narrator but go up the cargo lift with the bucket Apartment (Bucket)
70%
It used to be a bug Bottom of the Mind Control Facility
70%
It used to be a bug but with the bucket Bottom of the Mind Control Facility (Bucket)
70%
Unplug the phone Not Stanley
70%
Unplug the phone with the bucket Not Stanley (Bucket)
70%
Enjoy a certain feature of the expo a little TOO much Infinite Hole
68%
The first instance of the Jump Circle New Content
66%
Follow the Narrator's instructions but annoy him by going up and down Elevator
62%
Follow the Narrator's instructions but annoy him by going up and down with the bucket Elevator (Bucket)
62%
Defy the Narrator but then plummet to your death Powerful
62%
Defy the Narrator but then plummet to your death with the bucket Powerful (Bucket)
62%
The sussiest of endings Vent
57%
The sussiest bucket ending Vent (Bucket)
57%
Defy the Narrator but detour through the maintenance section but then take another detour again with the bucket Bucket Destroyer
55%
Wow, the Stanley Parable: Ultra Deluxe was REALLY good right?! Like, The Stanley Parable 2 is just soooo inferior! Epilogue
55%
Just a bunch of gags The Stanley Parable 2
53%
Defy the Narrator but get stopped by a sign with the bucket Is This A Bucket?
43%
Just when you thought there was no reward for collecting them all... could be considered the true ending Collectibles
34%
Climbing desks is fun Out of the Map
32%
Climbing desks is fun with the bucket Out of the Map (Bucket)
32%
No matching quizzes found
Score Distribution
Percent of People with Each Score
Percentile by Number Answered
Your Score History
You have not taken this quiz